[Event "Partida Abril #39"]
[Site "http://www.queenalice.com/game.php?id=388886"]
[Date "2008.4.16"]
[Round "-"]
[White "SRIVERO"]
[Black "JhonDie"]
[Result "1-0"]
[WhiteElo "1741"]
[BlackElo "1778"]

1. e4 c6 2. c4 e5 3. Nf3 d6 4. Nc3 Bg4 5. Be2 Nf6 6. d4 Bxf3 7. Bxf3 Nbd7 8. O-O
exd4 9. Qxd4 Ne5 10. Bg5 Nxf3+ 11. gxf3 Be7 12. e5 dxe5 13. Qxd8+ Rxd8 14. Rad1
O-O 15. Kh1 h6 16. Bh4 g5 17. Bg3 Nd7 18. a3 f5 19. h3 f4 20. Bh2 Nf6 21. Ne4
Rxd1 22. Rxd1 Rd8 23. Rxd8+ Bxd8 24. b4 Nxe4 25. fxe4 b5 26. cxb5 cxb5 27. f3
Bb6 28. Kg2 Kf7 29. Bg1 Bxg1 30. Kxg1 Ke6 31. Kf2 Kd6 32. Ke2 Kc6 33. Kd3 Kb6
34. Kc3 a5 35. Kb2 h5 36. Kc2 g4 37. fxg4 hxg4 38. hxg4 f3 39. Kd2 axb4 40. axb4
Kc6 41. Ke3 f2 42. Kxf2 Kd6 43. Kg3 Ke6 44. Kh4 Kf6 45. Kh5 Kg7 46. Kg5 1-0

[Event "Let's Play Chess!"]
[Site "http://www.queenalice.com/game.php?id=388893"]
[Date "2008.4.16"]
[Round "-"]
[White "carbon"]
[Black "JhonDie"]
[Result "1-0"]
[WhiteElo "1617"]
[BlackElo "1832"]

1. e4 c6 2. d4 d5 3. e5 f6 4. f4 Bf5 5. Bd3 Bxd3 6. Qxd3 e6 7. Nf3 g6 8. Nc3 Nh6
9. Bd2 Bg7 10. O-O-O O-O 11. h3 fxe5 12. fxe5 Nd7 13. Rde1 Nb6 14. Ng5 Qe7 15.
h4 Nc4 16. Nd1 Nxd2 17. Qxd2 Nf5 18. g4 Ng3 19. Rh3 Nf1 20. Qe2 h6 21. Nf3 h5
22. g5 c5 23. Rxf1 cxd4 24. Qd3 Rf5 25. Re1 Qf7 26. Nxd4 Rxe5 27. Rf1 Qe8 28.
Nc3 Rb8 29. Rhf3 Rd8 30. Rf4 a6 31. Qg3 Qe7 32. Rf6 Re4 33. Nxe4 dxe4 34. Qe5
Qd6 35. Qxe6+ Qxe6 36. Nxe6 Bxf6 37. gxf6 Rd7 38. Ng5 1-0

[Event "camilleetgeorges"]
[Site "http://www.queenalice.com/game.php?id=410959"]
[Date "2008.5.31"]
[Round "2"]
[White "CSI"]
[Black "JhonDie"]
[Result "1-0"]
[WhiteElo "1854"]
[BlackElo "1830"]

1. e4 c5 2. Nf3 e6 3. d4 d5 4. exd5 exd5 5. dxc5 Bxc5 6. Nc3 Nf6 7. Bg5 Be6 8.
Bb5+ Nc6 9. a3 O-O 10. O-O Be7 11. Qd2 h6 12. Bh4 Nh7 13. Bxe7 Qxe7 14. Rfe1 Qc5
15. Bxc6 Qxc6 16. Ne5 Qc8 17. Nxd5 Rd8 18. c4 1-0

[Event "AUTO-INT-822"]
[Site "http://www.queenalice.com/game.php?id=426811"]
[Date "2008.7.3"]
[Round "2"]
[White "JhonDie"]
[Black "pepeillo"]
[Result "0-1"]
[WhiteElo "1788"]
[BlackElo "1741"]

1. d4 d5 2. Nc3 e6 3. e3 a6 4. Bd3 Bb4 5. Ne2 Bxc3+ 6. Nxc3 Nf6 7. b3 Nc6 8. Ba3
Bd7 9. O-O Ne7 10. Ne2 O-O 11. Nf4 Qe8 12. c4 dxc4 13. Bxc4 Bb5 14. Qc2 Qd8 15.
Bb4 Qd7 16. Bxb5 axb5 17. Qc5 Ned5 18. Nxd5 Nxd5 19. a4 b6 20. Qxb5 Qxb5 21.
axb5 Rxa1 22. Rxa1 Nxb4 23. Ra7 Rc8 24. h4 Nd5 25. h5 h6 26. g4 Nc3 27. Kg2 Nxb5
28. Ra4 Nc3 29. Ra6 Kf8 30. Kf3 Ke7 31. Ra7 Kd6 32. e4 Nb1 33. Ke3 Nc3 34. Kf3
Kc6 35. Ke3 Rd8 36. Ra1 Kb7 37. f4 Ra8 38. Rxa8 Kxa8 39. Kd3 Nb5 40. b4 Kb7 41.
e5 Na7 42. f5 exf5 43. gxf5 Nc8 44. b5 Na7 45. Kc4 Kc8 46. d5 Kd7 47. Kb4 Nc8
48. Kc4 Ne7 49. f6 gxf6 50. exf6 Ng8 0-1

[Event "AUTO-INT-822"]
[Site "http://www.queenalice.com/game.php?id=426812"]
[Date "2008.7.3"]
[Round "2"]
[White "pepeillo"]
[Black "JhonDie"]
[Result "0-1"]
[WhiteElo "1759"]
[BlackElo "1724"]

1. e4 c5 2. d4 cxd4 3. Qxd4 Nc6 4. Qc3 e5 5. a3 Nf6 6. Bg5 Be7 7. f3 d6 8. Bb5
Bd7 9. Ne2 a6 10. Bxc6 Bxc6 11. Bxf6 Bxf6 12. Nd2 O-O 13. O-O-O Rc8 14. Qe3 Ba4
15. Nc3 Qd7 16. b3 Qc6 17. Kb2 Bg5 18. Qd3 Bb5 19. Nxb5 axb5 20. Nf1 Qc5 21. b4
Qd4+ 22. Qxd4 exd4 23. Ng3 Rc7 24. Rxd4 Bf6 25. Rd1 Rfc8 26. c3 Bxd4 27. Rxd4
Rxc3 28. Rd2 g6 29. Ne2 R3c6 30. Nd4 Rb6 31. h3 h5 32. h4 f6 33. Ne6 Kf7 34. Nf4
Rc4 35. Nd5 Rbc6 36. Ne3 Rc3 37. Re2 g5 38. hxg5 fxg5 39. Nd5 Rc1 40. Rd2 Rg1
41. Nc3 Rb6 42. Nd5 Ra6 43. Rc2 Rc6 44. Rd2 Ke6 45. Nc3 Rb6 46. Ne2 Re1 47. Ng3
h4 48. Nf5 Rf1 49. Ng7+ Ke5 50. Rd5+ Kf6 51. Ne8+ Ke7 0-1

[Event "AUTO-INT-822"]
[Site "http://www.queenalice.com/game.php?id=426813"]
[Date "2008.7.3"]
[Round "2"]
[White "JhonDie"]
[Black "alvishope1"]
[Result "0-1"]
[WhiteElo "1809"]
[BlackElo "1686"]

1. e4 e6 2. d4 d5 3. e5 c5 4. c3 Nc6 5. Bb5 Bd7 6. Bxc6 bxc6 7. Be3 Qb6 8. b3 f6
9. Qh5+ g6 10. Qe2 cxd4 11. cxd4 fxe5 12. dxe5 c5 13. Nf3 Ne7 14. O-O Bb5 15.
Qc2 d4 16. Re1 dxe3 17. Rxe3 Nd5 18. Re1 Rc8 19. Nd4 Be7 20. Nxb5 Qxb5 21. Na3
Qa6 22. Nc4 O-O 23. Re4 Rf4 24. Rxf4 Nxf4 25. Qd2 Nd5 26. f4 Rd8 27. a3 Nb6 28.
Qa5 Qxa5 29. Nxa5 Rd3 30. Rb1 c4 31. Nxc4 Nxc4 32. bxc4 Bxa3 33. Rb8+ Kg7 34.
Rb7+ Kh6 35. g4 Bc5+ 36. Kg2 g5 37. fxg5+ Kxg5 38. h3 h6 39. Rc7 Bd4 40. Rg7+
Kh4 0-1

[Event "AUTO-INT-822"]
[Site "http://www.queenalice.com/game.php?id=426815"]
[Date "2008.7.3"]
[Round "2"]
[White "JhonDie"]
[Black "amarelaum"]
[Result "0-1"]
[WhiteElo "1746"]
[BlackElo "1601"]

1. c4 e5 2. Nc3 Nf6 3. e3 Bb4 4. a3 Bxc3 5. bxc3 d6 6. d4 O-O 7. Bd3 Nc6 8. Ne2
e4 9. Bc2 Na5 10. Ng3 Re8 11. Qe2 b6 12. Ba4 Bd7 13. Bxd7 Qxd7 14. Rb1 c5 15.
Nf1 Rac8 16. Nd2 h6 0-1

[Event "AUTO-INT-822"]
[Site "http://www.queenalice.com/game.php?id=426816"]
[Date "2008.7.3"]
[Round "2"]
[White "amarelaum"]
[Black "JhonDie"]
[Result "1-0"]
[WhiteElo "1577"]
[BlackElo "1770"]

1. d4 d5 2. c4 c6 3. Nc3 dxc4 4. e3 b5 5. a4 Bd7 6. Nf3 e6 7. Ne5 Bb4 8. Qf3 Nf6
9. axb5 cxb5 10. Qxa8 Bxc3+ 11. bxc3 Nd5 12. Rxa7 O-O 13. Nxd7 Nxd7 14. Qxd8
Rxd8 15. Bd2 b4 16. cxb4 1-0

[Event "AUTO-INT-838"]
[Site "http://www.queenalice.com/game.php?id=448635"]
[Date "2008.8.14"]
[Round "2"]
[White "Viper_SB"]
[Black "JhonDie"]
[Result "1/2-1/2"]
[WhiteElo "1657"]
[BlackElo "1788"]

1. e3 e5 2. d4 e4 3. Nc3 Bb4 4. a3 Bxc3+ 5. bxc3 Nf6 6. g3 O-O 7. Bg2 d5 8. a4
Nc6 9. Ne2 Bg4 10. O-O Na5 11. Ba3 Re8 12. Bb4 c6 13. Bxa5 Qxa5 14. Qd2 Bxe2 15.
Qxe2 Qxc3 16. a5 b6 17. axb6 axb6 18. Rxa8 Rxa8 19. Bh3 Ra2 20. Kg2 Rxc2 21. Qa6
g6 22. Qxb6 h5 23. Qd8+ Kg7 24. Bc8 c5 25. dxc5 Qxc5 26. Bb7 Qb5 27. Ba8 Ra2 28.
Rd1 Qe2 29. Rf1 Qf3+ 30. Kg1 Ng4 31. Qxd5 Rxf2 32. Qd4+ Kh6 33. Qh8+ Kg5 34. h4+
Kf5 35. Bxe4+ Qxe4 36. Rxf2+ Nxf2 37. Kxf2 Kg4 38. Qd4 Qxd4 39. exd4 Kf5 40. Ke3
Ke6 41. Kf4 f6 42. Ke4 g5 43. hxg5 fxg5 44. d5+ Kf6 45. d6 g4 46. Kf4 Ke6 47.
Kg5 Kxd6 48. Kxh5 Ke6 49. Kxg4 Kf6 50. Kf4 Kg6 51. g4 Kf6 52. g5+ Kg6 53. Kg4
Kg7 54. Kf5 Kf7 55. g6+ Kg7 56. Kg5 Kg8 57. Kh6 1/2-1/2

[Event "AUTO-INT-838"]
[Site "http://www.queenalice.com/game.php?id=448636"]
[Date "2008.8.14"]
[Round "2"]
[White "JhonDie"]
[Black "Viper_SB"]
[Result "1-0"]
[WhiteElo "1757"]
[BlackElo "1673"]

1. e4 e5 2. Bc4 d6 3. Nc3 Nh6 4. d3 g6 5. Nf3 Bg4 6. h3 Bxf3 7. Qxf3 Bg7 8. Bxh6
O-O 9. Bxg7 Kxg7 10. O-O-O Qf6 11. Qxf6+ Kxf6 12. Nd5+ Kg7 13. Nxc7 b5 14. Bd5
Na6 15. Nxa8 Nb4 16. Nc7 Nxd5 17. Nxd5 a6 18. b4 h5 19. g4 h4 20. g5 Rd8 21. f4
exf4 22. Nxf4 f6 23. Ne6+ Kf7 24. Nxd8+ 1-0

[Event "camilleetgeorges"]
[Site "http://www.queenalice.com/game.php?id=458687"]
[Date "2008.9.5"]
[Round "4"]
[White "JhonDie"]
[Black "paddymalonespub"]
[Result "1-0"]
[WhiteElo "1795"]
[BlackElo "1673"]

1. e4 e5 2. Bc4 Nf6 3. d3 Bc5 4. c3 d5 5. exd5 Nxd5 6. Qf3 Be6 7. Nd2 O-O 8. Nb3
b6 9. Nxc5 bxc5 10. Ne2 c6 11. O-O f5 12. Be3 Nxe3 13. Bxe6+ Kh8 14. Qxe3 Qf6
15. Qxc5 Re8 16. Bb3 Na6 17. Qc4 Nc7 18. Ba4 Re6 19. b4 Rb8 20. Bb3 Rbe8 21. Qc5
Na6 22. Qxa7 c5 23. Bxe6 Qxe6 24. b5 Nb8 25. Qxc5 e4 26. Nf4 Qg8 27. Qxf5 exd3
28. Qxd3 Rd8 29. Qc2 Qf7 30. Rad1 Nd7 31. Rd4 Kg8 32. Qb3 Qxb3 33. axb3 Kf7 34.
b6 Ke7 35. Re1+ Kf6 36. b7 1-0

[Event "CONTEMPLATIF"]
[Site "http://www.queenalice.com/game.php?id=482590"]
[Date "2008.10.24"]
[Round "1"]
[White "JhonDie"]
[Black "zolaweed"]
[Result "1-0"]
[WhiteElo "1783"]
[BlackElo "1802"]

1. d4 e6 2. e4 d5 3. e5 f6 4. Nf3 Nc6 5. Bb5 Bd7 6. c3 a6 7. Bd3 Qe7 8. O-O
O-O-O 9. Bf4 g5 10. exf6 Nxf6 11. Bxg5 h6 12. Bh4 Qg7 13. Ne5 Rg8 14. g3 Be7 15.
Bxf6 Bxf6 16. Nxc6 Bxc6 17. Qe2 Rde8 18. Re1 b5 19. a4 Qd7 20. axb5 axb5 21. Na3
Kd8 22. Nxb5 Ke7 23. Ra7 Rc8 24. Rea1 Qd8 25. Re1 Bd7 26. Na3 Re8 27. Bg6 Rg8
28. Bh5 Kf8 29. Qe3 Bg5 30. Qf3+ Bf6 31. Qf4 Rg5 32. h4 Rxh5 33. Re5 Rf5 34.
Qxh6+ Bg7 35. Rxf5+ exf5 36. Qf4 Kf7 37. h5 c6 38. Qxf5+ Bf6 39. Rxd7+ 1-0

[Event "camilleetgeorges"]
[Site "http://www.queenalice.com/game.php?id=484091"]
[Date "2008.10.28"]
[Round "5"]
[White "pacou93"]
[Black "JhonDie"]
[Result "1/2-1/2"]
[WhiteElo "1666"]
[BlackElo "1793"]

1. e4 e5 2. Nf3 d6 3. Be2 Bg4 4. h3 Bxf3 5. Bxf3 Nf6 6. d3 h6 7. O-O Nbd7 8. c3
Be7 9. Be3 O-O 10. Bg4 Nxg4 11. Qxg4 Nf6 12. Qg3 Kh7 13. Nd2 c6 14. d4 Qc7 15.
f4 Nh5 16. Qg4 exf4 17. Bxf4 Nxf4 18. Qxf4 Bg5 19. Qf2 Qe7 20. Rae1 Bh4 21. g3
Qg5 22. Kh2 Bxg3+ 23. Qxg3 Qxd2+ 24. Qg2 Qxg2+ 25. Kxg2 Rae8 26. e5 d5 27. b3
Re6 28. Kf3 f6 29. Ke2 b6 30. Kd3 1/2-1/2